[Event "Trois-Riveres op"]
[Site "Trois-Rivieres CAN"]
[Date "2017.03.18"]
[Round "3.15"]
[White "Turcotte, Jonathan"]
[Black "Qiao, Cindy"]
[Result "1-0"]
[WhiteElo "2061"]
[BlackElo "1886"]
[WhiteFideId "-1"]
[WhiteFideId "-1"]
[PlyCount "107"]
[GameId "2160767908478134"]
[EventDate "2017.03.17"]
[EventType "swiss"]
[EventRounds "5"]
[EventCountry "CAN"]
[SourceTitle "hb 2017"]

1. d4 d5 2. c4 c6 3. Nf3 Nf6 4. Nc3 e6 5. Bg5 Be7 6. e3 Nbd7 7. Rc1 O-O 8. Bd3 dxc4 9. Bxc4 Nd5 10. Bxe7 Qxe7 11. O-O b6 12. Qe2 a5 13. a3 Bb7 14. Rfd1 Rfd8 15. h3 Nxc3 16. Rxc3 b5 17. Bd3 b4 18. axb4 axb4 19. Rc2 c5 20. Bb5 cxd4 21. Rc7 Bd5 22. e4 Qd6 23. Rxd7 Rxd7 24. exd5 Re7 25. Qe5 Qxe5 26. Nxe5 exd5 27. Nc6 Re4 28. Nxd4 Ra2 29. b3 Ra5 30. Ba4 Rc5 31. Nf5 f6 32. Ne3 Re5 33. Rd4 Re4 34. Rxd5 Rxd5 35. Nxd5 Rd4 36. Ne3 Rd2 37. Bb5 Kf8 38. Bc4 Rd8 39. Kf1 Rb8 40. Ke2 g6 41. Kd3 f5 42. Nd5 Rd8 43. Kd4 Rb8 44. Kc5 Rd8 45. Kxb4 Ra8 46. Nc3 Rd8 47. Ne2 Rd1 48. Nf4 Rd2 49. Nd3 h6 50. Kc5 Ke7 51. b4 Rd1 52. b5 g5 53. b6 Rb1 54. Kc6 1-0

[Event "Trois-Riveres op"]
[Site "Trois-Rivieres CAN"]
[Date "2017.03.19"]
[Round "4.2"]
[White "Beaulieu, Eric"]
[Black "Libersan, Thierry"]
[Result "1/2-1/2"]
[WhiteElo "2222"]
[BlackElo "2214"]
[WhiteFideId "-1"]
[WhiteFideId "-1"]
[PlyCount "125"]
[GameId "2160767908478136"]
[EventDate "2017.03.17"]
[EventType "swiss"]
[EventRounds "5"]
[EventCountry "CAN"]
[SourceTitle "EXT 2022"]
[Source "ChessBase"]
[SourceDate "2021.10.06"]
[SourceVersion "1"]
[SourceVersionDate "2021.10.06"]
[SourceQuality "1"]

1. d4 Nf6 2. Nf3 c5 3. d5 d6 4. c4 e5 5. Nc3 Be7 6. g3 Nbd7 7. Bg2 Nf8 8. O-O Ng6 9. e4 h5 10. b4 b6 11. bxc5 bxc5 12. Bg5 Nh7 13. Bxe7 Qxe7 14. Qa4+ Bd7 15. Qa6 O-O 16. Rab1 Bc8 17. Qc6 Bd7 18. Qc7 Rfc8 19. Qa5 Bg4 20. Qa6 Rd8 21. h3 Bxf3 22. Bxf3 h4 23. Kh2 hxg3+ 24. fxg3 Qg5 25. Rf2 Qe3 26. Nd1 Qd3 27. Rb3 Qd4 28. h4 Nf6 29. Rb7 Rab8 30. Qxa7 Rxb7 31. Qxb7 Qxc4 32. Qc7 Rd7 33. Qc8+ Nf8 34. Re2 Ra7 35. Ne3 Qd3 36. Qb8 Ra3 37. Qxd6 Nxe4 38. Qxe5 Nd2 39. Bg4 Rxa2 40. Nf5 f6 41. Qe7 Nf3+ 42. Bxf3 Rxe2+ 43. Bxe2 Qxf5 44. d6 Qf2+ 45. Kh3 Qf5+ 46. Kg2 Qd5+ 47. Bf3 Qd2+ 48. Kh3 c4 49. Bh5 Qd5 50. Be2 c3 51. Qe3 Qh1+ 52. Kg4 f5+ 53. Kxf5 Qd5+ 54. Kg4 Qc6 55. Bd1 Qc4+ 56. Qf4 Qe6+ 57. Qf5 Qxd6 58. Bb3+ Kh8 59. Qh5+ Qh6 60. Qd5 Qe6+ 61. Qxe6 Nxe6 62. Ba4 Kh7 63. Kf3 1/2-1/2

[Event "Trois-Riveres op"]
[Site "Trois-Rivieres CAN"]
[Date "2017.03.19"]
[Round "4.4"]
[White "Kleinman, Michael"]
[Black "Luksza, Arkadiusz"]
[Result "0-1"]
[WhiteElo "2297"]
[BlackElo "2178"]
[WhiteFideId "-1"]
[WhiteFideId "-1"]
[PlyCount "136"]
[GameId "2160767908478138"]
[EventDate "2017.03.17"]
[EventType "swiss"]
[EventRounds "5"]
[EventCountry "CAN"]
[SourceTitle "EXT 2022"]
[Source "ChessBase"]
[SourceDate "2021.10.06"]
[SourceVersion "1"]
[SourceVersionDate "2021.10.06"]
[SourceQuality "1"]

1. e4 e6 2. d4 d5 3. Nd2 c5 4. exd5 Qxd5 5. Ngf3 cxd4 6. Bc4 Qd6 7. O-O Nf6 8. Nb3 Nc6 9. Nbxd4 Nxd4 10. Nxd4 a6 11. Re1 Bd7 12. c3 O-O-O 13. Qf3 Qc7 14. Bf1 Bd6 15. g3 h5 16. c4 Bc5 17. Nb3 h4 18. Nxc5 Qxc5 19. Be3 Qe7 20. Bb6 Rdg8 21. Qf4 Bc6 22. Bh3 hxg3 23. Rxe6 Rxh3 24. Rxe7 gxh2+ 25. Qxh2 Rxh2 26. Kxh2 Rh8+ 27. Kg3 Ne4+ 28. Kg4 Nf6+ 29. Kf4 Rh4+ 30. Ke3 Rxc4 31. Rc7+ Kb8 32. Kd3 Rb4 33. Rxc6 bxc6 34. Bd4 Rb5 35. Rg1 Rd5 36. Kc4 Ne8 37. Bxg7 Nxg7 38. Rxg7 Rf5 39. Rg2 Kb7 40. Kd4 f6 41. Ke4 Re5+ 42. Kd3 Rf5 43. Ke3 Re5+ 44. Kd3 Rd5+ 45. Ke2 Re5+ 46. Kf1 Ra5 47. a3 Rc5 48. Rg3 Rc2 49. b4 a5 50. bxa5 Rc5 51. Rb3+ Ka6 52. Ke2 Kxa5 53. Ke3 Ka4 54. Rd3 Re5+ 55. Kf4 c5 56. Rd6 c4 57. Rxf6 Rc5 58. Rh6 c3 59. Rh1 c2 60. Rc1 Kxa3 61. Ke4 Kb2 62. Rf1 c1=Q 63. Rxc1 Rxc1 64. f4 Kc3 65. f5 Kc4 66. Ke5 Kc5 67. Ke6 Re1+ 68. Kd7 Rf1 0-1

[Event "Trois-Riveres op"]
[Site "Trois-Rivieres CAN"]
[Date "2017.03.19"]
[Round "4.6"]
[White "Auger, Bertrand"]
[Black "Poulin, Mathieu"]
[Result "1/2-1/2"]
[WhiteElo "1966"]
[BlackElo "2248"]
[WhiteFideId "-1"]
[WhiteFideId "-1"]
[PlyCount "72"]
[GameId "2160767908478140"]
[EventDate "2017.03.17"]
[EventType "swiss"]
[EventRounds "5"]
[EventCountry "CAN"]
[SourceTitle "EXT 2022"]
[Source "ChessBase"]
[SourceDate "2021.10.06"]
[SourceVersion "1"]
[SourceVersionDate "2021.10.06"]
[SourceQuality "1"]

1. Nf3 d5 2. g3 Nf6 3. Bg2 e6 4. c4 Be7 5. O-O O-O 6. d4 dxc4 7. Ne5 c5 8. dxc5 Bxc5 9. Nc3 Nfd7 10. Nxc4 Nc6 11. Ne4 Be7 12. Ned6 Nb6 13. Nxc8 Rxc8 14. Qxd8 Rfxd8 15. Nxb6 axb6 16. Be3 Bc5 17. Bxc5 bxc5 18. Bxc6 Rxc6 19. Rfd1 Rcd6 20. Rxd6 Rxd6 21. Rc1 b6 22. b4 Rc6 23. bxc5 bxc5 24. Kg2 Kf8 25. Kf3 Ke7 26. Ke4 Ra6 27. Rxc5 Rxa2 28. Kf3 Kf6 29. h4 h6 30. g4 Ra1 31. Kg3 Re1 32. e3 Rg1+ 33. Kf3 Rh1 34. Kg3 Rg1+ 35. Kf3 Kg6 36. e4 Rh1 1/2-1/2

[Event "Trois-Riveres op"]
[Site "Trois-Rivieres CAN"]
[Date "2017.03.19"]
[Round "4.7"]
[White "Johnson-Constantin, Mathieu"]
[Black "Huang, Qiuyu"]
[Result "0-1"]
[WhiteElo "2073"]
[BlackElo "2238"]
[WhiteFideId "-1"]
[WhiteFideId "-1"]
[PlyCount "56"]
[GameId "2160767908478141"]
[EventDate "2017.03.17"]
[EventType "swiss"]
[EventRounds "5"]
[EventCountry "CAN"]
[SourceTitle "EXT 2022"]
[Source "ChessBase"]
[SourceDate "2021.10.06"]
[SourceVersion "1"]
[SourceVersionDate "2021.10.06"]
[SourceQuality "1"]

1. e4 c5 2. Nc3 Nc6 3. g3 g6 4. Bg2 Bg7 5. d3 d6 6. Be3 e5 7. Nge2 Nge7 8. O-O O-O 9. Qd2 Rb8 10. f4 Nd4 11. Rf2 b5 12. Raf1 b4 13. Nd1 Nxe2+ 14. Qxe2 exf4 15. gxf4 f5 16. e5 Bb7 17. d4 Bxg2 18. Rxg2 cxd4 19. Bxd4 dxe5 20. Bxe5 Bxe5 21. Qxe5 Qd7 22. Ne3 Rb5 23. Rd1 Rxe5 24. Rxd7 Rxe3 25. Rgd2 a6 26. Rb7 Re4 27. Rdd7 Kf7 28. Kg2 Rc8 0-1

[Event "Trois-Riveres op"]
[Site "Trois-Rivieres CAN"]
[Date "2017.03.19"]
[Round "4.8"]
[White "Laptos, Krzysztof"]
[Black "Fortier, Marc-Andre"]
[Result "1-0"]
[WhiteElo "2190"]
[BlackElo "2102"]
[WhiteFideId "-1"]
[WhiteFideId "-1"]
[PlyCount "59"]
[GameId "2160767908478142"]
[EventDate "2017.03.17"]
[EventType "swiss"]
[EventRounds "5"]
[EventCountry "CAN"]
[SourceTitle "EXT 2022"]
[Source "ChessBase"]
[SourceDate "2021.10.06"]
[SourceVersion "1"]
[SourceVersionDate "2021.10.06"]
[SourceQuality "1"]

1. e4 c5 2. Nf3 d6 3. d4 cxd4 4. Qxd4 Bd7 5. Bc4 Nc6 6. Qd3 Na5 7. Na3 Nxc4 8. Nxc4 g6 9. Bg5 f6 10. Bd2 Nh6 11. O-O-O Ng4 12. Qe2 b5 13. Ne3 Nxe3 14. Bxe3 Bg7 15. Nd4 Qa5 16. Kb1 Rc8 17. f4 O-O 18. f5 Be8 19. Rd3 b4 20. Bd2 Bb5 21. Nxb5 Qxb5 22. Qg4 Kf7 23. Rh3 Rh8 24. Rxh7 g5 25. Qh5+ Kg8 26. Rxh8+ Bxh8 27. Qf3 Qc4 28. Rc1 a5 29. Qd3 Rc5 30. Be3 1-0

[Event "Trois-Riveres op"]
[Site "Trois-Rivieres CAN"]
[Date "2017.03.19"]
[Round "4.10"]
[White "Soudre, Nicolas"]
[Black "Zheng, Richard"]
[Result "1/2-1/2"]
[WhiteElo "2182"]
[BlackElo "1817"]
[WhiteFideId "-1"]
[WhiteFideId "-1"]
[PlyCount "96"]
[GameId "2160767908478144"]
[EventDate "2017.03.17"]
[EventType "swiss"]
[EventRounds "5"]
[EventCountry "CAN"]
[SourceTitle "EXT 2022"]
[Source "ChessBase"]
[SourceDate "2021.10.06"]
[SourceVersion "1"]
[SourceVersionDate "2021.10.06"]
[SourceQuality "1"]

1. e4 e5 2. f4 exf4 3. Nf3 d6 4. d4 g5 5. h4 g4 6. Ng5 h6 7. Nxf7 Kxf7 8. Bc4+ Ke8 9. Bxf4 d5 10. Bxd5 Bd6 11. Qd2 Nf6 12. Nc3 Nxd5 13. Nxd5 c6 14. e5 Be7 15. Nxe7 Qxe7 16. Bxh6 Qh7 17. Be3 Be6 18. O-O-O Nd7 19. Bg5 Nb6 20. Rhf1 a5 21. Rf6 Kd7 22. Rdf1 Nd5 23. Rh6 Qe4 24. Re1 Qf5 25. Rxh8 Rxh8 26. Qxa5 Qf2 27. Qd2 Rf8 28. c4 Qxd2+ 29. Kxd2 Rf2+ 30. Re2 Rxe2+ 31. Kxe2 Nb4 32. b3 Nxa2 33. Bd2 Bf5 34. h5 Ke6 35. h6 c5 36. Ke3 b6 37. dxc5 bxc5 38. Kf4 Bc2 39. g3 Nb4 40. Kxg4 Nc6 41. Be3 Nxe5+ 42. Kf4 Bxb3 43. Bxc5 Bxc4 44. h7 Bd3 45. h8=N Ng6+ 46. Nxg6 Bxg6 47. Kg5 Bc2 48. Bd4 Bd1 1/2-1/2

[Event "Trois-Riveres op"]
[Site "Trois-Rivieres CAN"]
[Date "2017.03.19"]
[Round "4.11"]
[White "Saha, Ananda"]
[Black "Daigle, Gilles"]
[Result "0-1"]
[WhiteElo "2121"]
[BlackElo "2073"]
[WhiteFideId "-1"]
[WhiteFideId "-1"]
[PlyCount "54"]
[GameId "2160767908478145"]
[EventDate "2017.03.17"]
[EventType "swiss"]
[EventRounds "5"]
[EventCountry "CAN"]
[SourceTitle "EXT 2022"]
[Source "ChessBase"]
[SourceDate "2021.10.06"]
[SourceVersion "1"]
[SourceVersionDate "2021.10.06"]
[SourceQuality "1"]

1. d4 Nf6 2. c4 e6 3. Nf3 b6 4. e3 Bb7 5. Bd3 Nc6 6. a3 a5 7. Nc3 Be7 8. O-O d5 9. cxd5 exd5 10. Bb5 O-O 11. Bxc6 Bxc6 12. Ne5 Bb7 13. Rb1 Bd6 14. b4 axb4 15. axb4 Qe7 16. Nd3 Ne4 17. Qb3 Rfd8 18. b5 Nxc3 19. Qxc3 Bc8 20. Rb3 Bf5 21. Ne5 Ra2 22. Bb2 Rda8 23. f4 Be4 24. Nd3 R8a4 25. Nf2 Rc4 26. Qd2 Rc2 27. Nxe4 Qxe4 0-1

[Event "Trois-Riveres op"]
[Site "Trois-Rivieres CAN"]
[Date "2017.03.19"]
[Round "4.12"]
[White "Pare, Marc"]
[Black "Turcotte, Jonathan"]
[Result "0-1"]
[WhiteElo "2076"]
[BlackElo "2061"]
[WhiteFideId "-1"]
[WhiteFideId "-1"]
[PlyCount "90"]
[GameId "2160767908478146"]
[EventDate "2017.03.17"]
[EventType "swiss"]
[EventRounds "5"]
[EventCountry "CAN"]
[SourceTitle "EXT 2022"]
[Source "ChessBase"]
[SourceDate "2021.10.06"]
[SourceVersion "1"]
[SourceVersionDate "2021.10.06"]
[SourceQuality "1"]

1. e4 c6 2. d4 d5 3. exd5 cxd5 4. Bd3 Nc6 5. c3 Qc7 6. Nf3 Bg4 7. O-O e6 8. Nbd2 Bd6 9. h3 Bh5 10. Qe2 Nf6 11. Re1 O-O 12. g4 Bg6 13. Bxg6 hxg6 14. Ne5 Rab8 15. Nf1 b5 16. Ng3 b4 17. Bd2 Rfc8 18. Rac1 Qe7 19. g5 Nd7 20. f4 bxc3 21. bxc3 Na5 22. Rb1 Nb6 23. h4 Nbc4 24. Rxb8 Rxb8 25. Bc1 Nxe5 26. fxe5 Ba3 27. Qc2 Nc4 28. Ne2 Bxc1 29. Nxc1 Qa3 30. Nd3 Qa5 31. Nb4 Rc8 32. Qe2 Qa3 33. Qc2 Nb6 34. Rc1 Na4 35. Rb1 Rxc3 36. Rb3 Rxb3 37. Qxb3 Qc1+ 38. Kf2 Qd2+ 39. Kf3 Nc3 40. a4 Qe2+ 41. Kg3 Ne4+ 42. Kh3 Qf1+ 43. Kh2 Qf2+ 44. Kh3 Qxd4 45. Nc6 Qc5 0-1

[Event "Trois-Riveres op"]
[Site "Trois-Rivieres CAN"]
[Date "2017.03.19"]
[Round "4.13"]
[White "Bleau, John"]
[Black "Singher, Jean-Pierre"]
[Result "1-0"]
[WhiteElo "1929"]
[BlackElo "2021"]
[WhiteFideId "-1"]
[WhiteFideId "-1"]
[PlyCount "99"]
[GameId "2160767908478147"]
[EventDate "2017.03.17"]
[EventType "swiss"]
[EventRounds "5"]
[EventCountry "CAN"]
[SourceTitle "EXT 2022"]
[Source "ChessBase"]
[SourceDate "2021.10.06"]
[SourceVersion "1"]
[SourceVersionDate "2021.10.06"]
[SourceQuality "1"]

1. d4 Nf6 2. Nf3 d5 3. e3 c6 4. c4 a6 5. Nbd2 Bf5 6. Be2 e6 7. O-O Bd6 8. Qb3 b5 9. c5 Bc7 10. Nh4 Bg6 11. Nxg6 hxg6 12. f4 Nbd7 13. Nf3 Ne4 14. g3 Ndf6 15. Ne5 Bxe5 16. fxe5 Nh7 17. Qd1 Qg5 18. Rf3 Qh6 19. Rf4 g5 20. Rxe4 dxe4 21. Qc2 Nf6 22. Bf1 Nd5 23. h3 g4 24. Qxe4 gxh3 25. Kh2 f5 26. Qf3 Qg6 27. a3 Kd7 28. Bd3 Qg4 29. Qf2 Qd1 30. Bc2 Qh5 31. Bd2 g5 32. Rf1 Raf8 33. Bd1 Qh6 34. Rg1 Rhg8 35. Bf3 Ne7 36. Qe1 Qg6 37. Bc1 g4 38. Bh1 Rd8 39. Rf1 Rgf8 40. Rf2 a5 41. Bd2 f4 42. exf4 Qd3 43. Qe4 Qxe4 44. Bxe4 Nf5 45. Bc1 Kc7 46. Bxf5 exf5 47. b3 Kd7 48. Bb2 Ke6 49. Re2 Kd5 50. e6 1-0

[Event "Trois-Riveres op"]
[Site "Trois-Rivieres CAN"]
[Date "2017.03.19"]
[Round "4.14"]
[White "Qiao, Cindy"]
[Black "Hirschberg, Valerian"]
[Result "0-1"]
[WhiteElo "1886"]
[BlackElo "2353"]
[WhiteFideId "-1"]
[WhiteFideId "-1"]
[PlyCount "104"]
[GameId "2160767908478148"]
[EventDate "2017.03.17"]
[EventType "swiss"]
[EventRounds "5"]
[EventCountry "CAN"]
[SourceTitle "EXT 2022"]
[Source "ChessBase"]
[SourceDate "2021.10.06"]
[SourceVersion "1"]
[SourceVersionDate "2021.10.06"]
[SourceQuality "1"]

1. e4 c5 2. Nf3 Nc6 3. Bb5 g6 4. Bxc6 dxc6 5. d3 Bg7 6. Nc3 Nf6 7. Bf4 Bg4 8. h3 Bxf3 9. Qxf3 Nd7 10. Nd1 e5 11. Bd2 Nf8 12. Ne3 Ne6 13. Nc4 Nd4 14. Qd1 Qd7 15. f4 exf4 16. Bxf4 O-O 17. O-O b5 18. Ne5 Qe7 19. Ng4 h5 20. Nh2 Ne6 21. c3 Nxf4 22. Rxf4 b4 23. Rc1 Bh6 24. Rf1 Bxc1 25. Qxc1 Rad8 26. Qh6 Qe5 27. Nf3 Qg7 28. Qd2 bxc3 29. bxc3 f6 30. a4 Rfe8 31. Qa2+ Qf7 32. Qc2 Qe6 33. Kh1 c4 34. d4 Qxe4 35. Qxe4 Rxe4 36. Nd2 Re6 37. Nxc4 Rb8 38. Rf3 Rb1+ 39. Kh2 Ra1 40. Nb2 h4 41. Nd3 g5 42. g3 Re2+ 43. Nf2 Kg7 44. gxh4 gxh4 45. Rf4 Rxa4 46. Kg2 Raa2 47. Kf1 Rxf2+ 48. Rxf2 Rxf2+ 49. Kxf2 a5 50. c4 a4 51. d5 cxd5 52. c5 Kf7 0-1

[Event "Trois-Riveres op"]
[Site "Trois-Rivieres CAN"]
[Date "2017.03.19"]
[Round "5.3"]
[White "Huang, Qiuyu"]
[Black "Beaulieu, Eric"]
[Result "0-1"]
[WhiteElo "2238"]
[BlackElo "2222"]
[WhiteFideId "-1"]
[WhiteFideId "-1"]
[PlyCount "80"]
[GameId "2160767908478151"]
[EventDate "2017.03.17"]
[EventType "swiss"]
[EventRounds "5"]
[EventCountry "CAN"]
[SourceTitle "EXT 2022"]
[Source "ChessBase"]
[SourceDate "2021.10.06"]
[SourceVersion "1"]
[SourceVersionDate "2021.10.06"]
[SourceQuality "1"]

1. e4 c5 2. Nf3 e6 3. d4 cxd4 4. Nxd4 a6 5. Bd3 Bc5 6. Nb3 Be7 7. c4 d6 8. Nc3 Nf6 9. O-O O-O 10. Be3 b6 11. f4 Nbd7 12. a4 Rb8 13. Qe2 Qc7 14. a5 bxa5 15. Nxa5 Nc5 16. Rfb1 Rb4 17. Ra3 Nxd3 18. Qxd3 Ng4 19. Na2 d5 20. Bd4 Qxf4 21. g3 Qh6 22. Qe2 e5 23. Ba7 d4 24. c5 Rb5 25. b4 Ne3 26. Rxe3 dxe3 27. Nc3 Rd8 28. Nd5 Bg5 29. h4 Bxh4 30. gxh4 Rxd5 31. exd5 Qg6+ 32. Kh2 Qxb1 33. Nc6 Qc1 34. Nxe5 Qd2 35. Qg2 e2 36. Nf3 Qf4+ 37. Qg3 Qxf3 38. Qxf3 e1=Q 39. c6 Qxh4+ 40. Kg2 Qg5+ 0-1

[Event "Trois-Riveres op"]
[Site "Trois-Rivieres CAN"]
[Date "2017.03.19"]
[Round "5.6"]
[White "Daigle, Gilles"]
[Black "Libersan, Thierry"]
[Result "1/2-1/2"]
[WhiteElo "2073"]
[BlackElo "2214"]
[WhiteFideId "-1"]
[WhiteFideId "-1"]
[PlyCount "95"]
[GameId "2160767908478154"]
[EventDate "2017.03.17"]
[EventType "swiss"]
[EventRounds "5"]
[EventCountry "CAN"]
[SourceTitle "EXT 2022"]
[Source "ChessBase"]
[SourceDate "2021.10.06"]
[SourceVersion "1"]
[SourceVersionDate "2021.10.06"]
[SourceQuality "1"]

1. e4 c5 2. Nf3 e6 3. d4 cxd4 4. Nxd4 Nc6 5. c4 Nf6 6. Nc3 Bb4 7. f3 O-O 8. Be2 Qa5 9. Nxc6 dxc6 10. Bd2 Qc7 11. Qc2 Bc5 12. O-O-O e5 13. g4 Be6 14. h4 Nd7 15. Rdf1 Bd4 16. g5 Nb6 17. Nd1 f5 18. Ne3 f4 19. Nf5 c5 20. b3 a5 21. a4 Nc8 22. Rh2 Ne7 23. Nxe7+ Qxe7 24. Rfh1 b6 25. Kb1 Rad8 26. Rd1 Rd6 27. Bc3 Rfd8 28. Bxd4 Rxd4 29. Rhh1 R8d6 30. Rxd4 Rxd4 31. Kc1 Bf7 32. Rg1 Bh5 33. Rh1 Qd7 34. Qc3 Qe6 35. Qc2 Kf8 36. Rh2 Ke8 37. Rh1 Ke7 38. Rh2 Rd8 39. Rh1 Qd7 40. Rd1 Qh3 41. Rxd8 Kxd8 42. Qd3+ Qd7 43. Qd5 Qxd5 44. cxd5 Be8 45. Kc2 Bd7 46. Ba6 Kc7 47. Kc3 Bh3 48. Be2 1/2-1/2

[Event "Trois-Riveres op"]
[Site "Trois-Rivieres CAN"]
[Date "2017.03.19"]
[Round "5.7"]
[White "Zheng, Richard"]
[Black "Kleinman, Michael"]
[Result "0-1"]
[WhiteElo "1817"]
[BlackElo "2297"]
[WhiteFideId "-1"]
[WhiteFideId "-1"]
[PlyCount "222"]
[GameId "2160767908478155"]
[EventDate "2017.03.17"]
[EventType "swiss"]
[EventRounds "5"]
[EventCountry "CAN"]
[SourceTitle "EXT 2022"]
[Source "ChessBase"]
[SourceDate "2021.10.06"]
[SourceVersion "1"]
[SourceVersionDate "2021.10.06"]
[SourceQuality "1"]

1. d4 Nf6 2. c4 g6 3. Nc3 d5 4. Nf3 Bg7 5. Bf4 O-O 6. e3 c5 7. Be2 cxd4 8. exd4 Nc6 9. O-O dxc4 10. Bxc4 Bg4 11. Be3 Rc8 12. Be2 Nd5 13. h3 Bf5 14. Bd3 Bxd3 15. Qxd3 e6 16. a3 Nxc3 17. bxc3 Na5 18. Nd2 Qd5 19. Rfc1 Nc4 20. Nxc4 Rxc4 21. Rab1 Rfc8 22. Rb4 Bf8 23. Rxc4 Rxc4 24. Rb1 b6 25. Rb3 Ra4 26. Qc2 Qa5 27. Bc1 Bxa3 28. Bxa3 Rxa3 29. Rxa3 Qxa3 30. g3 b5 31. Qd2 Qd6 32. Qa2 Qb6 33. d5 exd5 34. Qxd5 a6 35. Kf1 Kg7 36. Qe5+ Qf6 37. Qc5 g5 38. c4 bxc4 39. Qxc4 Qa1+ 40. Kg2 h6 41. h4 a5 42. hxg5 hxg5 43. Qc5 Kg6 44. Qc6+ Qf6 45. Qc5 Qa6 46. Qc2+ Kg7 47. Qc5 Qa8+ 48. Kh2 Kg6 49. Qc2+ f5 50. g4 Qe4 51. gxf5+ Kxf5 52. Qc8+ Qe6 53. Qc2+ Kf6 54. Kg1 Qd5 55. Qc3+ Ke6 56. Qc8+ Ke5 57. Qc3+ Ke4 58. Qc2+ Kf4 59. Qa4+ Kf3 60. Qa3+ Kg4 61. Qa4+ Kh3 62. Qa3+ Kh4 63. Qa4+ Kh5 64. Qe8+ Kh6 65. Qh8+ Kg6 66. Qe8+ Kf5 67. Qc8+ Kf4 68. Qc1+ Kg4 69. Qc8+ Qf5 70. Qc4+ Kh5 71. Qc6 Kh4 72. Kg2 Qg4+ 73. Kh2 Qb4 74. Kg2 a4 75. Qh6+ Kg4 76. Qh3+ Kf4 77. Qg3+ Kf5 78. Qf3+ Kg6 79. Qc6+ Kh5 80. Qe8+ Kh4 81. Qe7 Qg4+ 82. Kh2 Qh3+ 83. Kg1 Qd3 84. Qf6 a3 85. Qh8+ Kg4 86. Qc8+ Qf5 87. Qc4+ Kh5 88. Qb3 Qc5 89. Kg2 Kg6 90. Qe6+ Kg7 91. Qb3 Kf6 92. Qf3+ Ke6 93. Qe4+ Kf6 94. Qf3+ Ke5 95. Qg3+ Kd4 96. Qe3+ Kc4 97. Qc1+ Kb5 98. Qb1+ Ka5 99. Qb3 Qb4 100. Qd5+ Qb5 101. Qd2+ Kb6 102. Qe3+ Qc5 103. Qb3+ Ka5 104. f3 Qc1 105. Kg3 Qb2 106. Qd5+ Kb4 107. Qb7+ Kc3 108. Qc6+ Kd2 109. Qd5+ Ke2 110. Qe4+ Kf1 111. Qd3+ Qe2 0-1

[Event "Trois-Riveres op"]
[Site "Trois-Rivieres CAN"]
[Date "2017.03.19"]
[Round "5.8"]
[White "Poulin, Mathieu"]
[Black "Bleau, John"]
[Result "1/2-1/2"]
[WhiteElo "2248"]
[BlackElo "1929"]
[WhiteFideId "-1"]
[WhiteFideId "-1"]
[PlyCount "82"]
[GameId "2160767908478156"]
[EventDate "2017.03.17"]
[EventType "swiss"]
[EventRounds "5"]
[EventCountry "CAN"]
[SourceTitle "EXT 2022"]
[Source "ChessBase"]
[SourceDate "2021.10.06"]
[SourceVersion "1"]
[SourceVersionDate "2021.10.06"]
[SourceQuality "1"]

1. d4 d5 2. c4 c6 3. cxd5 cxd5 4. Nc3 Nf6 5. Bf4 Nc6 6. e3 e6 7. Nf3 Be7 8. h3 O-O 9. Bd3 Ne8 10. O-O f5 11. Ne5 Nxe5 12. Bxe5 Nd6 13. Qe2 Bd7 14. Rfc1 Bc6 15. Rc2 Qd7 16. Rac1 Rac8 17. Nb1 Ba4 18. b3 Rxc2 19. Rxc2 Bb5 20. Bxb5 Nxb5 21. Qf1 Nd6 22. Qc1 Rc8 23. Nd2 Rxc2 24. Qxc2 Nf7 25. Bb8 a6 26. Nf3 h6 27. Ne1 Bd6 28. Bxd6 Nxd6 29. Nd3 b6 30. Ne5 Qb7 31. Qc3 Qc8 32. Qxc8+ Nxc8 33. Kf1 Kf8 34. Ke2 Ke7 35. Kd3 Kd6 36. Kc3 Na7 37. h4 Nc6 38. Nxc6 Kxc6 39. h5 Kd6 40. Kb4 Kc6 41. f3 Kc7 1/2-1/2

[Event "Trois-Riveres op"]
[Site "Trois-Rivieres CAN"]
[Date "2017.03.19"]
[Round "5.9"]
[White "Ouellet, Maili-Jade"]
[Black "Auger, Bertrand"]
[Result "1-0"]
[WhiteElo "2210"]
[BlackElo "1966"]
[WhiteFideId "-1"]
[WhiteFideId "-1"]
[PlyCount "71"]
[GameId "2160767908478157"]
[EventDate "2017.03.17"]
[EventType "swiss"]
[EventRounds "5"]
[EventCountry "CAN"]
[SourceTitle "EXT 2022"]
[Source "ChessBase"]
[SourceDate "2021.10.06"]
[SourceVersion "1"]
[SourceVersionDate "2021.10.06"]
[SourceQuality "1"]

1. d4 d5 2. c4 c6 3. Nf3 Nf6 4. Nc3 dxc4 5. a4 Bf5 6. Ne5 e6 7. g3 Bb4 8. Bg2 O-O 9. O-O Nbd7 10. Nxc4 Nb6 11. Ne5 Nbd5 12. Bd2 Qe7 13. Re1 Bxc3 14. bxc3 Ne4 15. Bxe4 Bxe4 16. f3 Bg6 17. e4 Nf6 18. Bg5 Qc7 19. Bxf6 gxf6 20. Ng4 c5 21. Nxf6+ Kg7 22. Ng4 h5 23. Ne3 Rad8 24. Qd2 Kh7 25. Rab1 Rd7 26. d5 c4 27. Qd4 Rc8 28. Rb4 Qc5 29. Qxc5 Rxc5 30. Rd1 exd5 31. Nxd5 Kg7 32. Rd4 f5 33. Nf4 Re7 34. Rxb7 Rce5 35. Rxe7+ Rxe7 36. exf5 1-0

[Event "Trois-Riveres op"]
[Site "Trois-Rivieres CAN"]
[Date "2017.03.19"]
[Round "5.10"]
[White "Turcotte, Jonathan"]
[Black "Soudre, Nicolas"]
[Result "1-0"]
[WhiteElo "2061"]
[BlackElo "2182"]
[WhiteFideId "-1"]
[WhiteFideId "-1"]
[PlyCount "57"]
[GameId "2160767908478158"]
[EventDate "2017.03.17"]
[EventType "swiss"]
[EventRounds "5"]
[EventCountry "CAN"]
[SourceTitle "EXT 2022"]
[Source "ChessBase"]
[SourceDate "2021.10.06"]
[SourceVersion "1"]
[SourceVersionDate "2021.10.06"]
[SourceQuality "1"]

1. d4 d5 2. c4 Nc6 3. Nc3 dxc4 4. Nf3 Bg4 5. d5 Bxf3 6. exf3 Ne5 7. Bf4 f6 8. Bxe5 fxe5 9. Bxc4 Qd6 10. Qa4+ Kf7 11. Nb5 Qd7 12. d6+ e6 13. dxc7 Bc5 14. Rd1 Bd4 15. Qb4 Nf6 16. Nd6+ Kg6 17. Bd3+ Kh5 18. c8=Q Raxc8 19. Nxc8 Rxc8 20. h4 Nd5 21. Qd2 Nf4 22. g3 Nxd3+ 23. Qxd3 Kh6 24. h5 Qe7 25. Qd2+ Qg5 26. f4 exf4 27. gxf4 Qg2 28. f5+ g5 29. hxg6+ 1-0

[Event "Trois-Riveres op"]
[Site "Trois-Rivieres CAN"]
[Date "2017.03.19"]
[Round "5.11"]
[White "Hirschberg, Valerian"]
[Black "Johnson-Constantin, Mathieu"]
[Result "1-0"]
[WhiteElo "2353"]
[BlackElo "2073"]
[WhiteFideId "-1"]
[WhiteFideId "-1"]
[PlyCount "54"]
[GameId "2160767908478159"]
[EventDate "2017.03.17"]
[EventType "swiss"]
[EventRounds "5"]
[EventCountry "CAN"]
[SourceTitle "EXT 2022"]
[Source "ChessBase"]
[SourceDate "2021.10.06"]
[SourceVersion "1"]
[SourceVersionDate "2021.10.06"]
[SourceQuality "1"]

1. Nf3 f5 2. d4 Nf6 3. g3 g6 4. Bg2 Bg7 5. O-O O-O 6. b3 d6 7. Bb2 c6 8. c4 Qc7 9. Nbd2 Bd7 10. Qc2 Na6 11. a3 Rac8 12. e4 f4 13. Rfe1 Ng4 14. b4 b6 15. Qb3 c5 16. b5 Nb8 17. d5 Bxb2 18. Qxb2 e5 19. dxe6 Bxe6 20. Ng5 Qe7 21. Nxe6 Qxe6 22. e5 Qf5 23. Bd5+ Kg7 24. exd6+ Kh6 25. Be6 Qh5 26. Bxg4 Qxg4 27. Re7 fxg3 1-0